<?xml version="1.0" encoding="UTF-8"?>
<record
    xmlns:xsi="http://www.w3.org/2001/XMLSchema-instance"
    xsi:schemaLocation="http://www.loc.gov/MARC21/slim http://www.loc.gov/standards/marcxml/schema/MARC21slim.xsd"
    xmlns="http://www.loc.gov/MARC21/slim">

  <leader>01213nam a2200277 a 4500</leader>
  <controlfield tag="001"> </controlfield>
  <controlfield tag="003">DO-SdBNP</controlfield>
  <controlfield tag="005">20210903125536.0</controlfield>
  <controlfield tag="008">150820s2015    dr c          000 0 spa d</controlfield>
  <datafield tag="020" ind1=" " ind2=" ">
    <subfield code="a">9789945404982</subfield>
  </datafield>
  <datafield tag="040" ind1=" " ind2=" ">
    <subfield code="a">DO-SdBNP</subfield>
    <subfield code="b">spa</subfield>
    <subfield code="c">BPMSU</subfield>
  </datafield>
  <datafield tag="082" ind1=" " ind2=" ">
    <subfield code="a">781.97293</subfield>
    <subfield code="b">P438s 2015</subfield>
    <subfield code="2">22</subfield>
  </datafield>
  <datafield tag="100" ind1="1" ind2=" ">
    <subfield code="a">P&#xE9;rez, Eugenio</subfield>
    <subfield code="d">1950-</subfield>
  </datafield>
  <datafield tag="245" ind1="1" ind2="3">
    <subfield code="a">La salsa en la Rep&#xFA;blica Dominicana :</subfield>
    <subfield code="b">padres l&#xED;deres y propulsores hist&#xF3;ricos /</subfield>
    <subfield code="c">Eugenio P&#xE9;rez.</subfield>
  </datafield>
  <datafield tag="260" ind1=" " ind2=" ">
    <subfield code="a">Santo Domingo :</subfield>
    <subfield code="b">Editora B&#xFA;ho,</subfield>
    <subfield code="c">2015.</subfield>
  </datafield>
  <datafield tag="300" ind1=" " ind2=" ">
    <subfield code="a">759 p. :</subfield>
    <subfield code="b">il., retratos ;</subfield>
    <subfield code="c">26 cm.</subfield>
  </datafield>
  <datafield tag="500" ind1=" " ind2=" ">
    <subfield code="a">Incluye datos biogr&#xE1;ficos del autor en la solapa de la cubierta</subfield>
  </datafield>
  <datafield tag="505" ind1="0" ind2=" ">
    <subfield code="a">Pr&#xF3;logo, un genio llamado Eugenio Hugo Adames-- Las ra&#xED;ces de la salsa -- Padre l&#xED;deresy propulsores hist&#xF3;ricos de la salsa -- Nuevos movimientos en la salsa -- Veteranos y j&#xF3;venes en la salsa -- Nuevos movimient salsero en Rep&#xFA;blica Dominicana.</subfield>
  </datafield>
  <datafield tag="590" ind1=" " ind2=" ">
    <subfield code="6">Inventariado, 2021/VM</subfield>
  </datafield>
  <datafield tag="650" ind1=" " ind2="4">
    <subfield code="a">Salsa (M&#xFA;sica)</subfield>
    <subfield code="x">Historia y cr&#xED;tica.</subfield>
    <subfield code="z">Rep&#xFA;blica Dominicana </subfield>
    <subfield code="v"> </subfield>
  </datafield>
  <datafield tag="650" ind1=" " ind2="4">
    <subfield code="a">Salsa (M&#xFA;sica)</subfield>
    <subfield code="x">Aspectos sociales.</subfield>
  </datafield>
  <datafield tag="650" ind1=" " ind2="4">
    <subfield code="a">M&#xFA;sica caribe&#xF1;a dominicana</subfield>
  </datafield>
  <datafield tag="650" ind1=" " ind2="4">
    <subfield code="a">M&#xFA;sica popular </subfield>
    <subfield code="z">Rep&#xFA;blica Dominicana</subfield>
  </datafield>
  <datafield tag="910" ind1=" " ind2=" ">
    <subfield code="a">VMateo V.</subfield>
  </datafield>
  <datafield tag="942" ind1=" " ind2=" ">
    <subfield code="2">ddc</subfield>
    <subfield code="c">BK</subfield>
  </datafield>
  <datafield tag="952" ind1=" " ind2=" ">
    <subfield code="0">0</subfield>
    <subfield code="1">0</subfield>
    <subfield code="2">ddc</subfield>
    <subfield code="4">0</subfield>
    <subfield code="7">0</subfield>
    <subfield code="8">CD</subfield>
    <subfield code="a">BPMET</subfield>
    <subfield code="b">BPMET</subfield>
    <subfield code="d">2021-09-03</subfield>
    <subfield code="e">BNPHU </subfield>
    <subfield code="o">BPMSU CD 781.97293 P438s 2015</subfield>
    <subfield code="p">BPMSU21090042</subfield>
    <subfield code="r">2021-09-03</subfield>
    <subfield code="w">2021-09-03</subfield>
    <subfield code="y">BK</subfield>
  </datafield>
  <datafield tag="952" ind1=" " ind2=" ">
    <subfield code="0">0</subfield>
    <subfield code="1">0</subfield>
    <subfield code="2">ddc</subfield>
    <subfield code="4">0</subfield>
    <subfield code="7">0</subfield>
    <subfield code="8">CD</subfield>
    <subfield code="a">BPMET</subfield>
    <subfield code="b">BPMET</subfield>
    <subfield code="d">2021-09-03</subfield>
    <subfield code="e">BNPHU </subfield>
    <subfield code="l">0</subfield>
    <subfield code="o">BPMSU CD 781.97293 P438s 2015</subfield>
    <subfield code="p">BPMSU21090043</subfield>
    <subfield code="r">2021-09-03</subfield>
    <subfield code="t">e.2</subfield>
    <subfield code="w">2021-09-03</subfield>
    <subfield code="y">BK</subfield>
  </datafield>
  <datafield tag="952" ind1=" " ind2=" ">
    <subfield code="0">0</subfield>
    <subfield code="1">0</subfield>
    <subfield code="2">ddc</subfield>
    <subfield code="4">0</subfield>
    <subfield code="7">0</subfield>
    <subfield code="8">CD</subfield>
    <subfield code="a">BPMET</subfield>
    <subfield code="b">BPMET</subfield>
    <subfield code="d">2021-09-03</subfield>
    <subfield code="e">BNPHU </subfield>
    <subfield code="l">0</subfield>
    <subfield code="o">BPMSU CD 781.97293 P438s 2015</subfield>
    <subfield code="p">BPMSU26010045</subfield>
    <subfield code="r">2026-01-27</subfield>
    <subfield code="t">e.3</subfield>
    <subfield code="w">2021-09-03</subfield>
    <subfield code="y">BK</subfield>
  </datafield>
  <datafield tag="999" ind1=" " ind2=" ">
    <subfield code="c">13715</subfield>
    <subfield code="d">13715</subfield>
  </datafield>
</record>
